000 00903nam a2200265 i 4500
003 DO-SdBNP
005 20250203132453.0
007 ta
008 240319b2015 dr ac||| |||| 00| 0 spa d
020 _a9789945895568
040 _aDO-SdBNP
_bspa
_cBNPHU
_erda
082 4 _222
_axxx
_bU15p
100 1 _aUbiñas Renville, Guaroa,
_d1944-
_96462
_eautor
_4aut.
245 1 0 _aPedro Bululú :
_bla africanidad en el imaginario dominicano /
_cGuaroa Ubiñas Renville
264 1 _aSanto Domingo :
_beditor no identificado,
_c2015.
300 _a178 páginas :
_bilustraciones ;
_c22 cm.
336 _atexto
_btxt
_2rdacontent
337 _asin mediación
_bn
_2rdamedia
338 _avolumen
_bnc
_2rdacarrier
500 _aIncluye datos biográficos del autor en la contracubierta
504 _aBibliografía : páginas 173-178
590 _aInventariado, 2024/BT
910 _aBtavárez
942 _2ddc
_cLBS1
999 _c56147
_d56147